000 00685nam a2200217 a 4500
999 _c6448
_d6448
001 6448
003 BD-JhCC
005 20180130164839.0
008 180123s1982 bg ||||| |||| 00| 0 ben d
035 _a(BD-JhCC)
040 _aBD-JhCC
_dBD-JhCC
041 _aben
082 _a297.124
_bDAY 1982
100 _a কায়সার, আফলাতুন
245 _aসহীহ আল বুখারী /
_cআফলাতুন কায়সার
260 _aঢাকা :
_bমদীনা ইসলামী বিশ্ববিদ্যালয়,
_c১৯৭৬
300 _a556 p. :
_c24 cm.
650 _aHadith
_xAl-Bukhari
942 _2ddc
_cBK